[Event "Canadian op"]
[Site "Winnipeg"]
[Date "1997.07.18"]
[Round "8"]
[White "Hjartarson, Johann"]
[Black "Psakhis, Lev"]
[Result "1/2-1/2"]
[WhiteElo "2605"]
[BlackElo "2565"]

1.Nf3 Nf6 2.c4 b6 3.g3 c5 4.Bg2 Bb7 5.O-O g6 6.Nc3 Bg7 7.d4 cxd4 8.Qxd4 d6
9.Be3 Nbd7 10.Rac1 Rc8 11.b3 Nc5 12.Rfd1 Qd7 13.Nd5  1/2-1/2

[Event "AUT-chT 9798"]
[Site "Austria"]
[Date "1997.10.12"]
[Round "1"]
[White "Schwarz, Michael"]
[Black "Laube, Bernhard"]
[Result "1/2-1/2"]
[WhiteElo "2400"]
[BlackElo "2280"]

1.Nf3 c5 2.g3 b6 3.Bg2 Bb7 4.O-O Nf6 5.c4 g6 6.Nc3 Bg7 7.d4 Ne4 8.Nd5 e6
9.Nf4 f5 10.dxc5 Nxc5 11.Be3 Qe7 12.Nd4 Bxg2 13.Kxg2 O-O 14.h4 Nba6 15.Rb1 Nc7
16.Nf3 Ne4 17.Qd3 Rad8 18.Rfd1 d6 19.Qb3 Kh8 20.Nh3 e5 21.Nd2 Nxd2 22.Bxd2 h6
23.Bb4 Ne6 24.e3 Bf6 25.Qd3 Nc5 26.Qd5 Kg7 27.Ng1 g5 28.hxg5 hxg5 29.Ne2 g4
30.Bxc5 dxc5 31.Qc6 Rc8 32.Qd7 Qxd7 33.Rxd7+ Rf7 34.Rbd1 Rc7 35.R7d6 Be7
36.R6d5 Bf6 37.Nc3 Kg6 38.Rd6 Kg5 39.Nb5 Rc8 40.Re6 Rh7 41.Rdd6 Rf8 42.Nc3 Rh6
43.Nd5 Bg7 44.Rxh6 Bxh6 45.Re6 Rf7 46.b3 Bg7 47.Kf1 Rd7 48.a4 Bh8 49.Ke2 Bg7
50.Re7 Rxe7 51.Nxe7 e4 52.Nc8 Bc3 53.Nxa7 Kf6 54.Nb5 Ba5 55.Nc7 Ke5 56.Nd5 Kd6
57.Kd1 Ke6 58.Nf4+ Kd6 59.Ne2 Ke6 60.Nc1 Kd6 61.Na2 Bb4 62.Nc1 Ba5 63.Ne2 Ke5
64.Nf4 Kd6 65.Ng2 Ke5 66.Nf4 Kd6 67.Nd5 Ke6 68.Kc2 Kd6 69.b4 Bxb4 70.Nxb6 Be1
71.Nd5 Bxf2 72.a5 Bxg3 73.Kd2 Bh4 74.Ke2 Kd7 75.a6 Kc6 76.Kf1 Bg5 77.Kf2 Bd8  1/2-1/2

[Event "GER-ch"]
[Site "Gladenbach"]
[Date "1997.11.17"]
[Round "1"]
[White "Bode, Wilfried"]
[Black "Menacher, Manfred"]
[Result "1-0"]
[WhiteElo "2400"]
[BlackElo "2270"]

1.Nf3 Nf6 2.c4 b6 3.g3 Bb7 4.Bg2 c5 5.O-O g6 6.b3 Bg7 7.Bb2 O-O 8.Nc3 a6
9.e3 d5 10.d3 Nbd7 11.Qe2 e6 12.Rfd1 Qb8 13.Rac1 b5 14.Ba1 Bc6 15.d4 dxc4
16.bxc4 b4 17.d5 Bb7 18.dxe6 fxe6 19.Nb1 Qc7 20.Nbd2 Rae8 21.Ng5 Bxg2 22.Kxg2 Ne5
23.f4 Qb7+ 24.Kg1 Ned7 25.e4 e5 26.f5 Nb8 27.Ne6 Rf7 28.Bxe5 Nxe4 29.Bxg7 Rxf5
30.Qxe4 Qxe4 31.Nxe4 Rxe6 32.Bh6 Nc6 33.Ng5 Re2 34.Re1 Nd4 35.Rcd1 a5 36.Rxe2 Nxe2+
37.Kg2 Nd4 38.Re1 Rxg5 39.Bxg5 a4 40.Be7 b3 41.axb3 Nxb3 42.Re2 Nc1 43.Rc2 Nd3
44.Rc3  1-0

[Event "Alushta-C"]
[Site "Alushta"]
[Date "1997.??.??"]
[Round "6"]
[White "Barshevich, Veniamin"]
[Black "Retinsky, Vladimir"]
[Result "1/2-1/2"]
[WhiteElo "2235"]
[BlackElo "2440"]

1.Nf3 c5 2.g3 b6 3.Bg2 Bb7 4.O-O Nf6 5.c4 g6 6.Nc3 Bg7 7.d4 cxd4 8.Qxd4 O-O
9.Qh4 d6 10.Bh6 Nbd7 11.Rad1 Rc8 12.b3 Rc5 13.Ng5 Bxg2 14.Kxg2 Qa8+ 15.f3 a6
16.Nce4 Rcc8 17.Rd3 Rfe8 18.Rfd1 Bh8 19.Qh3 Nxe4 20.Nxe4 Qb7 21.Kf1 b5 22.Rxd6 Ne5
23.R6d5 bxc4 24.Bf4 Nd3 25.Rd7 Nxf4 26.gxf4 Qb8 27.f5 Bg7 28.fxg6 hxg6 29.bxc4 Rxc4
30.Qh4 Rc7 31.R7d5 Qc8 32.Qf4 Rc2 33.R5d2  1/2-1/2

[Event "Bad Woerishofen op"]
[Site "Bad Woerishofen"]
[Date "1997.??.??"]
[Round "5"]
[White "Romanishin, Oleg M"]
[Black "Roeder, Mathias"]
[Result "1-0"]
[WhiteElo "2555"]
[BlackElo "2460"]

1.Nf3 Nf6 2.c4 b6 3.g3 c5 4.Bg2 Bb7 5.O-O g6 6.Nc3 Bg7 7.Re1 d5 8.d4 dxc4
9.Qa4+ Nbd7 10.dxc5 Qc8 11.Qxc4 Nxc5 12.Be3 Nce4 13.Qxc8+ Rxc8 14.Nd2 Nd6
15.Bf4 Bxg2 16.Kxg2 Nc4 17.Nxc4 Rxc4 18.Rac1 Nh5 19.Bd2 Kd7 20.e4 Rhc8 21.e5 Bh8
22.Rcd1 Ke8 23.f4 Ng7 24.Be3 Ne6 25.Bf2 Rd8 26.Rxd8+ Nxd8 27.Re2 Ne6 28.Nd5 h5
29.h4 Kd7 30.Rd2 Ke8 31.Re2 Kd7 32.Rd2 Ke8 33.b3 Rc1 34.Be3 f6 35.exf6 exf6
36.Re2 Rd1 37.Nc3 Rd3 38.Nb5 a6 39.Nd4 Nc5 40.Nc6 Ne4 41.Bd4 Kd7 42.Nb8+ Kc7
43.Rxe4 Kxb8 44.Bxb6 Kb7 45.Be3 Kc6 46.Kf2 f5 47.Ra4 Kb5 48.Rc4 Rc3 49.a4+ Ka5
50.Bd2  1-0

[Event "Regionalliga NW9697"]
[Site "Bayern"]
[Date "1997.??.??"]
[Round "?"]
[White "Djeno, Drago"]
[Black "Assmann, Thomas"]
[Result "0-1"]
[WhiteElo "2205"]
[BlackElo "2355"]

1.c4 Nf6 2.Nf3 b6 3.g3 c5 4.Bg2 Bb7 5.O-O g6 6.b3 Bg7 7.Bb2 O-O 8.e3 Nc6
9.d4 cxd4 10.Nxd4 Rc8 11.Nc3 d6 12.Rc1 Qd7 13.Nxc6 Bxc6 14.Bxc6 Rxc6 15.Qf3 Rfc8
16.Ne2 Qh3 17.Nf4 Qf5 18.Kg2 Kf8 19.Nd5 Qxf3+ 20.Kxf3 Ne8 21.Ba3 Nc7 22.Nf4 Ke8
23.Rfd1 Kd7 24.Rd2 Na6 25.Rcd1 Nc5 26.h4 Bc3 27.Rc2 Be5 28.Bxc5 bxc5 29.Nd3 Bg7
30.h5 g5 31.h6 Bf6 32.Kg4 Ke6 33.f3 Rg8 34.Kh5 a5 35.Nf2 Rcc8 36.Ne4 Rg6
37.Rd5 Kd7 38.Rcd2 Kc6 39.Nxg5 Bxg5 40.Rxg5 Rxg5+ 41.Kxg5 a4 42.bxa4 Rb8
43.e4 Rg8+ 44.Kh4 Rg6 45.a5 Rxh6+ 46.Kg4 Rg6+ 47.Kh4 Rg8 48.Rd3 Ra8 49.Ra3 e6
50.Kg5 d5 51.exd5+ exd5 52.cxd5+ Kxd5 53.Rd3+ Kc6 54.Kf6 Ra7 55.f4 c4 56.Rd1 Kc5
57.Rd8 c3 58.Rc8+ Kd4 59.a6 Kd3 60.Rd8+ Ke2 61.Re8+ Kd2 62.Rd8+ Kc1 63.f5 c2
64.Rc8 Kb2 65.g4 c1=Q 66.Rxc1 Kxc1 67.g5 Kd2 68.Kg7 Ke3 69.f6 Kf4 70.Kh6 Kf5
71.a4 Rxa6 72.Kxh7 Kxg5  0-1

[Event "Bled op18th"]
[Site "Bled"]
[Date "1997.??.??"]
[Round "7"]
[White "Stohl, Igor"]
[Black "Tukmakov, Vladimir B"]
[Result "1/2-1/2"]
[WhiteElo "2580"]
[BlackElo "2585"]

1.Nf3 Nf6 2.c4 b6 3.g3 c5 4.Bg2 Bb7 5.O-O g6 6.Nc3 Bg7 7.Re1 Ne4 8.Nxe4 Bxe4
9.d4 cxd4 10.Bh6 Bxh6 11.Qxd4 O-O 12.Qxe4 Nc6 13.Rad1 Rc8 14.h4 Bg7 15.b3 h6
16.e3  1/2-1/2

[Event "Bourbon Lancy op"]
[Site "Bourbon Lancy"]
[Date "1997.??.??"]
[Round "4"]
[White "Lupu, Mircea Sergiu"]
[Black "Gofshtein, Leonid D"]
[Result "0-1"]
[WhiteElo "2485"]
[BlackElo "2545"]

1.Nf3 c5 2.c4 Nf6 3.g3 b6 4.Bg2 Bb7 5.O-O g6 6.Nc3 Bg7 7.d3 O-O 8.Bd2 Nc6
9.a3 d5 10.cxd5 Nxd5 11.Qa4 e6 12.Rab1 a5 13.Rfd1 h6 14.Nb5 Qd7 15.Nc3 Rfe8
16.Rdc1 Qd8 17.Rd1 Rb8 18.Rdc1 Ba8 19.Nb5 e5 20.e4 Nc7 21.Nxc7 Qxc7 22.b4 b5
23.Qc2 cxb4 24.axb4 a4 25.d4 exd4 26.Bf4 Qe7 27.Bxb8 Rxb8 28.Qd2 Bf8 29.Nxd4 Nxb4
30.e5 Bxg2 31.Kxg2 Rd8 32.Qe3 Qb7+ 33.Kg1 Qd5 34.e6 Qxd4 35.e7 Bxe7 36.Qxe7 Nd3
37.Rc2 Ne5 38.Re2 Nf3+ 39.Kg2 Qd5 40.Qe4 Qxe4 41.Rxe4 Nd2 42.Rd1 Nxe4 43.Rxd8+ Kg7
44.Rd3 Nc5 45.Rc3 Nb3 46.h3 b4 47.Rc4 a3 48.Rxb4 a2 49.Rxb3 a1=Q 50.Rd3 Qa8+
51.Kg1 f5 52.Re3 Kf6 53.Kh2 g5  0-1

[Event "Najdorf op"]
[Site "Buenos Aires"]
[Date "1997.??.??"]
[Round "2"]
[White "Sola, Ruben"]
[Black "Slipak, Sergio"]
[Result "1/2-1/2"]
[WhiteElo "2245"]
[BlackElo "2505"]

1.Nf3 Nf6 2.g3 b6 3.Bg2 Bb7 4.O-O g6 5.c4 c5 6.Nc3 Bg7 7.d3 O-O 8.e4 Nc6
9.h3 d6 10.Be3 e5 11.Qd2 Nd4 12.Nh2 Rb8 13.Bg5 Qd7 14.Ne2 Nxe2+ 15.Qxe2 Nh5
16.Bf3 f5 17.Bxh5 gxh5 18.g4 hxg4 19.hxg4 fxe4 20.dxe4 b5 21.cxb5 d5 22.Rad1 Qf7
23.b3 d4 24.f3 Bc8 25.Rf2 Be6 26.Rc1 Rfc8 27.f4 exf4 28.Bxf4 Rb7 29.Be5 Qg6
30.Bxg7 Qxg7 31.Rg2 Qd7 32.g5 Qxb5 33.g6 Qxe2 34.gxh7+ Kxh7 35.Rxe2 a5 36.Nf3 Rg7+
37.Rg2 Rxg2+ 38.Kxg2 Kg7 39.Kf2 Kf6  1/2-1/2

[Event "KS Sommerskak op"]
[Site "Copenhagen"]
[Date "1997.??.??"]
[Round "?"]
[White "Olsen, Heini"]
[Black "Jacobsen, Ole"]
[Result "0-1"]
[WhiteElo "2300"]
[BlackElo "2385"]

1.Nf3 Nf6 2.c4 c5 3.g3 b6 4.Bg2 Bb7 5.O-O g6 6.b3 Bg7 7.Bb2 O-O 8.e3 Nc6
9.Nc3 d5 10.Nxd5 Nxd5 11.Bxg7 Kxg7 12.cxd5 Qxd5 13.d4 Rad8 14.Nd2 Qd7 15.d5 Nb8
16.e4 e6 17.dxe6 Qxe6 18.Qc2 Nc6 19.Qb2+ f6 20.Nc4 Ba6 21.Rfc1 Nd4 22.Kh1 Bb7
23.Re1 Rfe8 24.f4 b5 25.Na5 Ba8 26.Rac1 Qb6 27.b4 c4 28.Rcd1 Re7 29.Qf2 Ne6
30.Qb2 Red7 31.Rxd7+ Rxd7 32.f5 gxf5 33.exf5 Qe3 34.Rg1 c3 35.fxe6 cxb2  0-1

[Event "Cseppko op"]
[Site "Cseppko"]
[Date "1997.??.??"]
[Round "3"]
[White "Dudas, Janos"]
[Black "Krutti, Valer"]
[Result "1/2-1/2"]
[WhiteElo "2410"]
[BlackElo "2280"]

1.Nf3 Nf6 2.c4 c5 3.g3 b6 4.Bg2 Bb7 5.O-O g6 6.Nc3 Bg7 7.d4 cxd4 8.Qxd4 d6
9.Rd1 Nbd7 10.Be3 O-O 11.Qh4 h5 12.h3 Rc8 13.Rac1 a6 14.Bg5 Rc5 15.b4 Rc7
16.Nd5 Nxd5 17.cxd5 Nf6 18.e4 Rxc1 19.Rxc1 Qd7 20.Qf4 Rc8 21.Rxc8+ Qxc8 22.Qe3 b5
23.Nd2 e6 24.dxe6 fxe6 25.Qd3 Qc1+ 26.Kh2 Ne8 27.e5 Bxg2 28.Kxg2 Qc6+ 29.Kh2 Kf7
30.exd6 Nxd6 31.Be3 Qd5 32.Qxd5 exd5 33.Nb3 Bc3 34.Nc5  1/2-1/2

[Event "FIN-chT 9798"]
[Site "Finland"]
[Date "1997.??.??"]
[Round "4"]
[White "Sammalvuo, Tapani"]
[Black "Kiik, Kalle"]
[Result "0-1"]
[WhiteElo "2375"]
[BlackElo "2380"]

1.Nf3 c5 2.c4 Nf6 3.g3 b6 4.Bg2 Bb7 5.O-O g6 6.Nc3 Bg7 7.d4 cxd4 8.Qxd4 d6
9.Rd1 Nbd7 10.Qh4 Rc8 11.Be3 h6 12.b3 g5 13.Qd4 O-O 14.Qd2 Nc5 15.Qc2 Nce4
16.Bd4 Nxc3 17.Bxc3 Qc7 18.Bh3 Rcd8 19.Qb2 e5 20.Nd2 Qc6 21.f3 g4 22.Bg2 h5
23.e4 gxf3 24.Bxf3 Ng4 25.Bb4 a5 26.Ba3 b5 27.Bxg4 hxg4 28.cxb5 Qb6+  0-1

[Event "Helsinki-ch"]
[Site "Helsinki"]
[Date "1997.??.??"]
[Round "1"]
[White "Parkkinen, Jyrki"]
[Black "Kanko, Ilkka"]
[Result "0-1"]
[WhiteElo "2155"]
[BlackElo "2270"]

1.Nf3 Nf6 2.c4 b6 3.g3 Bb7 4.Bg2 c5 5.O-O g6 6.b3 Bg7 7.Bb2 O-O 8.Nc3 e6
9.d4 Na6 10.e3 Qe7 11.Rc1 d5 12.cxd5 exd5 13.dxc5 bxc5 14.Na4 Rac8 15.a3 Rfd8
16.Bh3 Rc7 17.Be5 Rc6 18.Ba1 d4 19.exd4 cxd4 20.Rxc6 Bxc6 21.Bg2 d3 22.Nd4 Bxg2
23.Kxg2 Rxd4 24.Bxd4 Qe4+ 25.Qf3 Qxd4 26.Rd1 d2 27.Qc3 Qxf2+ 28.Kxf2 Ne4+
29.Kf3 Nxc3 30.Rxd2 Nxa4 31.Rd8+ Bf8 32.bxa4 Nc5 33.Ra8 a6 34.Ke3 Kg7 35.a5 Bd6
36.Rd8 Be7 37.Rc8 Kf6 38.Rc6+ Ke5 39.Rc7 Kd6 40.Ra7 h5 41.Kd4 Ne6+ 42.Kc4 Nc7
43.Rb7 Kc6 44.Rb6+ Kd7 45.a4 Bd6 46.Rb3 f5 47.Re3 g5 48.Rf3 Ke6 49.Re3+ Be5
50.Kc5 Nd5 51.Re1 f4 52.gxf4 gxf4 53.h3 h4 54.Kc6 Nb4+ 55.Kb6 f3 56.Rf1 Bd4+  0-1

[Event "HUN-chT 9798"]
[Site "Hungary"]
[Date "1997.??.??"]
[Round "?"]
[White "Fancsy, Imre"]
[Black "Csom, Istvan"]
[Result "1-0"]
[WhiteElo "2345"]
[BlackElo "2460"]

1.c4 b6 2.Nf3 c5 3.g3 Bb7 4.Bg2 Nf6 5.O-O g6 6.Nc3 Bg7 7.d4 cxd4 8.Qxd4 Nc6
9.Qf4 Na5 10.b3 Qb8 11.Qe3 Ng4 12.Qd2 Ne5 13.Bb2 O-O 14.Nxe5 Bxe5 15.Bxb7 Nxb7
16.Rfd1 Rd8 17.Nd5 Re8 18.Bd4 Nc5 19.Qe3 d6 20.h4 Nd7 21.h5 Qb7 22.Rd2 Rac8
23.Rad1 b5 24.Bxe5 Nxe5 25.cxb5 Rc5 26.a4 Qd7 27.Qxe5 dxe5 28.Nf6+ exf6 29.Rxd7 Rc3
30.h6 e4 31.e3 Rxb3 32.Rxa7 f5 33.Rdd7 Rf8 34.Rdb7 g5 35.b6 f4 36.gxf4 gxf4
37.exf4 Rb2 38.a5  1-0

[Event "Juvenil op"]
[Site "?"]
[Date "1997.??.??"]
[Round "2"]
[White "Rue, JM."]
[Black "Pinero, J."]
[Result "1/2-1/2"]
[WhiteElo "2105"]
[BlackElo "2070"]

1.Nf3 Nf6 2.c4 c5 3.g3 b6 4.Bg2 Bb7 5.O-O g6 6.b3 Bg7 7.Bb2 O-O 8.Nc3 Nc6
9.d4 cxd4 10.Nxd4 Nxd4 11.Qxd4 Bxg2 12.Kxg2 d6  1/2-1/2

[Event "Koge op"]
[Site "Koge"]
[Date "1997.??.??"]
[Round "4"]
[White "Pedersen, Hans"]
[Black "Brinck Claussen, Bjorn"]
[Result "1/2-1/2"]
[WhiteElo "2165"]
[BlackElo "2345"]

1.Nf3 Nf6 2.c4 b6 3.g3 Bb7 4.Bg2 c5 5.O-O g6 6.b3 Bg7 7.Bb2 O-O 8.Nc3 Na6
9.d4 cxd4 10.Qxd4 Ne4 11.Qe3 Nxc3 12.Bxc3 Bxc3 13.Qxc3 Qc7 14.Rac1 Nc5  1/2-1/2

[Event "US-op"]
[Site "Las Vegas"]
[Date "1997.??.??"]
[Round "4"]
[White "Yermolinsky, Alex"]
[Black "Psakhis, Lev"]
[Result "1/2-1/2"]
[WhiteElo "2695"]
[BlackElo "2605"]

1.Nf3 Nf6 2.c4 b6 3.g3 c5 4.Bg2 Bb7 5.O-O g6 6.d4 cxd4 7.Qxd4 Bg7 8.Nc3 d6
9.Be3 Nbd7 10.Rac1 Rc8 11.b3 O-O 12.Qd2 Ne4 13.Nxe4 Bxe4 14.Bh6 Nf6 15.Bxg7 Kxg7
16.Rfd1 Qd7 17.Nd4  1/2-1/2

[Event "Leeuwarden op"]
[Site "Leeuwarden"]
[Date "1997.??.??"]
[Round "9"]
[White "Hartoch, Robert G"]
[Black "De Vreugt, Dennis"]
[Result "1/2-1/2"]
[WhiteElo "2315"]
[BlackElo "2295"]

1.Nf3 c5 2.c4 b6 3.g3 Bb7 4.Bg2 Nf6 5.O-O g6 6.b3 Bg7 7.Bb2 O-O 8.Nc3 d6
9.d4 cxd4 10.Nxd4 Bxg2 11.Kxg2 Qc7 12.f3 a6 13.Qd2 e6 14.Rfd1 Rd8 15.e4 Nbd7
16.Qe3 Re8 17.Qf2 Rad8 18.Rd2 Ne5 19.Rad1 h5 20.h3 Bh6 21.Rc2 Qb7 22.Bc1 Bg7
23.Bg5 Rd7 24.Qe3 Rc8 25.Rcd2 Rdc7 26.a4 Ned7 27.Bh6 Bh8 28.Nde2 Nc5 29.Rb1 Ne8
30.g4 hxg4 31.hxg4 Be5 32.Bf4 f6 33.Bg3 g5 34.Nd4 Re7 35.Nce2 Nd7 36.Qf2 Nf8
37.Rbd1 Rh7 38.Rh1 Rcc7 39.Rdd1 Rce7 40.Qe3 Nc7 41.Rxh7 Rxh7 42.Rh1 Rxh1
43.Kxh1 Bxg3 44.Nxg3 Ng6 45.Qd2 Kf7 46.Qb4 Ke7  1/2-1/2

[Event "Manresa op"]
[Site "Manresa"]
[Date "1997.??.??"]
[Round "9"]
[White "Ionescu, Constantin"]
[Black "Rodriguez, Amador"]
[Result "1/2-1/2"]
[WhiteElo "2515"]
[BlackElo "2555"]

1.Nf3 Nf6 2.c4 b6 3.g3 Bb7 4.Bg2 c5 5.O-O g6 6.Nc3 Bg7 7.d4 cxd4 8.Qxd4 d6
9.Be3 Nbd7 10.Rac1 Rc8 11.b3 O-O 12.Qd2 Re8  1/2-1/2

[Event "CRO-chT"]
[Site "Medulin"]
[Date "1997.??.??"]
[Round "?"]
[White "Rukavina, Josip"]
[Black "Tukmakov, Vladimir B"]
[Result "1/2-1/2"]
[WhiteElo "2425"]
[BlackElo "2585"]

1.Nf3 Nf6 2.c4 b6 3.g3 Bb7 4.Bg2 c5 5.O-O g6 6.Nc3 Bg7 7.d4 cxd4 8.Qxd4 d6
9.Be3 Nbd7 10.Rac1 Rc8 11.b3 Nc5 12.Rfd1 Nce4 13.Nd5 O-O 14.Nxf6+ Bxf6 15.Qd3 Qd7
16.Ne5 Qf5 17.Nd7 Qxd7 18.Bxe4 Bxe4 19.Qxe4 Rc6 20.c5 bxc5 21.Rxc5 Rxc5 22.Bxc5 Rc8
23.Be3 a6 24.Rc1 Kg7 25.Rxc8 Qxc8 26.Qa4 d5 27.Qa5 d4 28.Bf4 Qe6 29.Qd2 h5
30.Qd3 Qc6 31.Bd2 e5 32.Qc4 Qxc4 33.bxc4 Be7 34.e4 dxe3 35.Bxe3 Kf6 36.Kf1 Ke6
37.Ke2 f5 38.Kd3 g5 39.h3 g4 40.hxg4 hxg4 41.Kc3 Kd6 42.Kd3 Kc6 43.Ke2 Bc5
44.Bd2 Bd4 45.Bb4 f4 46.gxf4 exf4 47.f3 g3 48.Kf1 Be5 49.Ba3 Bd6 50.Bb2 Kc5
51.Ba3+ Kc6 52.Bb2 Kb6 53.Bd4+ Ka5 54.Ke2 Kb4 55.Kd3 a5 56.a3+ Kxa3 57.c5 Bc7
58.Kc4 a4 59.c6 g2 60.Bc5+ Kb2 61.Bd4+ Kc2 62.Kb4 Kd3 63.Ba7 Ke2 64.Kxa4 Kf1  1/2-1/2

[Event "Moscow-ch"]
[Site "Moscow"]
[Date "1997.??.??"]
[Round "9"]
[White "Dragomarezkij, Evgeni"]
[Black "Frog, Ilya"]
[Result "1-0"]
[WhiteElo "2475"]
[BlackElo "2410"]

1.Nf3 c5 2.c4 Nf6 3.g3 b6 4.Bg2 Bb7 5.O-O g6 6.b3 Bg7 7.Bb2 O-O 8.Nc3 Na6
9.d4 d5 10.Ne5 e6 11.dxc5 Nxc5 12.cxd5 exd5 13.Nf3 Re8 14.Rc1 Rc8 15.Rc2 a6
16.Nd4 b5 17.Bh3 Rc7 18.e3 Nfe4 19.b4 Nxc3 20.Rxc3 Na4 21.Rxc7 Qxc7 22.Qd2 Nb6
23.Ba1 Nc4 24.Qc3 Qb6 25.Rc1 Bc8 26.Bg2 Bb7 27.Qe1 Ne5 28.Rd1 Rc8 29.Nb3 Rc2
30.Bd4 Qc7 31.Nc5 Nc4 32.Bxg7 Kxg7 33.Bxd5 Bxd5 34.Rxd5 Qc6 35.Qd1 Rb2 36.Qd4+ Kh6
37.g4 Nb6 38.g5+  1-0

[Event "Pula op"]
[Site "Pula"]
[Date "1997.??.??"]
[Round "8"]
[White "Sulava, Nenad"]
[Black "Kutuzovic, Branko"]
[Result "1/2-1/2"]
[WhiteElo "2380"]
[BlackElo "2395"]

1.Nf3 c5 2.c4 Nf6 3.g3 b6 4.Bg2 Bb7 5.O-O g6 6.b3 Bg7 7.Bb2 O-O 8.d4 cxd4
9.Qxd4 d6 10.Rd1 Nbd7 11.Ne1 Bxg2 12.Nxg2 Qc7 13.Nc3 Qb7 14.Ne3 Rfe8 15.Ncd5 h5
16.Nxf6+ Bxf6 17.Qd2 Bxb2 18.Qxb2 Rac8 19.a4 Nf6 20.Rd4 Rc5 21.Rad1 Qd7 22.Rxd6 exd6
23.Qxf6 Re6 24.Qd4 Qe7 25.Nd5 Rxd5 26.Qxd5 Rxe2 27.Qf3  1/2-1/2

[Event "RUS-Cup8"]
[Site "Smolensk"]
[Date "1997.??.??"]
[Round "8"]
[White "Kuporosov, Viktor"]
[Black "Zagrebelny, Sergey"]
[Result "1/2-1/2"]
[WhiteElo "2500"]
[BlackElo "2480"]

1.Nf3 Nf6 2.g3 b6 3.Bg2 Bb7 4.c4 c5 5.O-O g6 6.b3 Bg7 7.Bb2 O-O 8.e3 e6 9.Qe2 Qe7
10.Nc3 Na6 11.Rfd1 Ne4 12.Rac1 Rac8 13.d4 d6 14.Nb5 Bc6 15.dxc5 bxc5 16.Bxg7 Kxg7
17.Qb2+ Kg8 18.Nd2 Nxd2 19.Qxd2 Bxg2 20.Kxg2 Rfd8 21.Nxd6 Rb8 22.e4 e5 23.Qd5 Nc7
24.Qxc5 Ne8 25.Rd5 Rxd6 26.Rxe5 Qf6 27.Rd5 Qe6 28.Re5 Qf6 29.Rd5 Ra6 30.Rc2 h5
31.Rcd2 Ng7 32.Rd6 Rxd6 33.Qxd6 Qxd6 34.Rxd6 Ne6 35.Kf3 Kf8 36.Rd7 a6 37.Ra7 Rb6
38.Ke3 Ke8 39.f4 Nd8 40.e5 f6 41.Ke4 fxe5 42.fxe5 Nc6 43.Rc7 Ne7 44.Ra7 Kf7
45.Ra8 Rc6 46.Rd8 Ke6 47.Rf8 Kd7 48.Rf6 a5 49.Rf3 Kc7 50.Rf7 Kd7 51.h3 a4
52.g4 hxg4 53.hxg4 axb3 54.axb3 Ra6 55.Rf6 Ra1 56.Rb6 Re1+ 57.Kf4 Nc6 58.Rb5 Ke6
59.Rb6 Kd7 60.Rb5 Ke6 61.Rb6  1/2-1/2

[Event "Split"]
[Site "Split"]
[Date "1997.??.??"]
[Round "?"]
[White "Gyorkos, Lajos"]
[Black "Armanda, Ivica"]
[Result "1/2-1/2"]
[WhiteElo "2425"]
[BlackElo "2255"]

1.Nf3 Nf6 2.g3 b6 3.Bg2 Bb7 4.O-O c5 5.c4 g6 6.b3 Bg7 7.Bb2 O-O 8.Nc3 e6
9.d4 Ne4 10.Qc2 f5 11.Rfd1 Nc6 12.dxc5 Nb4 13.Qc1 bxc5 14.Na4 Qe7  1/2-1/2

[Event "St Petersburg-B"]
[Site "St Petersburg"]
[Date "1997.??.??"]
[Round "2"]
[White "Popov, Valerij"]
[Black "Savon, Vladimir A"]
[Result "1/2-1/2"]
[WhiteElo "2430"]
[BlackElo "2445"]

1.Nf3 Nf6 2.c4 b6 3.g3 Bb7 4.Bg2 c5 5.O-O g6 6.Nc3 Bg7 7.d4 cxd4 8.Qxd4 Nc6
9.Qf4 Rc8 10.Rd1 O-O 11.Rb1 d6 12.b3 Qd7 13.Bb2 Qg4 14.Qxg4 Nxg4 15.Nd5 Rfe8
16.h3 Nh6 17.h4 Bxb2 18.Rxb2 Kg7 19.Rbd2 Ng8 20.Bh3 Rb8 21.Ng5 h6 22.Ne4 Red8
23.Nec3 Nf6 24.Nc7 Ne8 25.Nxe8+ Rxe8 26.Nb5 Red8 27.Bg2 a6 28.Nc7 Rdc8 29.Nd5 Ba8
30.Rc1 Kf8 31.f4 Na7 32.Bh3 e6 33.Ne3 Ke7 34.Rcd1 Rd8 35.Kf2 Be4 36.Rd4 f5
37.R4d2 b5 38.Bg2 Bxg2 39.Kxg2 Nc6 40.Kf3 bxc4 41.Nxc4 d5 42.Ne3 h5 43.Ng2 a5
44.Kf2 Rdc8 45.Ne1 Nb4 46.Nd3  1/2-1/2

[Event "SVK-chT1W 9798"]
[Site "SVK"]
[Date "1997.??.??"]
[Round "?"]
[White "Motuz, Karol"]
[Black "Mokos, Jozef"]
[Result "1-0"]
[WhiteElo "2270"]
[BlackElo "2260"]

1.Nf3 c5 2.g3 b6 3.Bg2 Bb7 4.O-O Nf6 5.c4 g6 6.Nc3 Bg7 7.d3 O-O 8.e4 d6 9.Re1 Nc6
10.a3 Nd7 11.Bg5 h6 12.Be3 Nd4 13.Bxd4 Bxd4 14.Nxd4 cxd4 15.Ne2 e5 16.Bh3 Kg7
17.Rf1 Qe7 18.b4 Bc6 19.f3 h5 20.Qd2 h4 21.Bxd7 Bxd7 22.g4 f5 23.h3 Rf7 24.Kh1 fxg4
25.fxg4 Raf8 26.Kg2 Rf6 27.Ng1 Rxf1 28.Rxf1 Rxf1 29.Kxf1 g5 30.Nf3 Kg6 31.Ke2 Qf6
32.Qc1 Qe7 33.c5 dxc5 34.bxc5 bxc5 35.Qc4 Be6 36.Qb5 Bc8 37.Qc6+ Qe6 38.Qxc5 Qa2+
39.Nd2 Qe6 40.Nc4 Ba6 41.Nxe5+ Kf6 42.Nf3 Qxe4+ 43.Kf2 Qe3+ 44.Kg2 Qe2+ 45.Kg1 Qxf3
46.Qf8+  1-0

[Event "ROM-chT"]
[Site "Tusnad"]
[Date "1997.??.??"]
[Round "?"]
[White "Foisor, Cristina Adela B"]
[Black "Litinskaya, Marta I"]
[Result "1/2-1/2"]
[WhiteElo "2400"]
[BlackElo "2335"]

1.c4 Nf6 2.Nf3 c5 3.g3 b6 4.Bg2 Bb7 5.O-O g6 6.Nc3 Bg7 7.d3 O-O 8.Bd2 d5
9.cxd5 Nxd5 10.a3 Nc6 11.Rb1 Nd4 12.Nxd4 cxd4 13.Nxd5 Bxd5 14.Bxd5 Qxd5 15.Rc1 Rac8
16.Qa4 Qb7 17.Qb3 h5 18.a4 Bf6 19.a5 b5 20.Bb4 h4 21.Bd2 a6 22.f3 Rxc1 23.Rxc1 Rc8
24.Qd1 hxg3 25.hxg3 Rc6 26.Kf2 Qc8 27.Rxc6 Qxc6 28.Qc1 Qxc1 29.Bxc1 e6 30.Bf4 Be7
31.Be5 Bd8 32.Bxd4 Bxa5 33.Bf6 Bb6+ 34.e3 Kf8 35.Ke2 Ke8 36.d4 a5 37.Kd3 Kd7
38.g4 Kc6 39.f4 Bc7 40.Be7 Kd7 41.Bh4 a4 42.Bf6 Bd6 43.Ke4 Kc6 44.Kd3 Kb6
45.Kc3 b4+ 46.Kc4 a3 47.bxa3 bxa3  1/2-1/2

[Event "Clarin GP op"]
[Site "Villa Martelli"]
[Date "1997.??.??"]
[Round "5"]
[White "Tempone, Marcelo"]
[Black "Sorokin, Maxim"]
[Result "0-1"]
[WhiteElo "2460"]
[BlackElo "2555"]

1.Nf3 c5 2.g3 b6 3.Bg2 Bb7 4.O-O Nf6 5.c4 g6 6.Nc3 Bg7 7.e3 O-O 8.Qe2 d5
9.d3 Nc6 10.e4 dxc4 11.dxc4 Nd7 12.Bf4 Nd4 13.Nxd4 cxd4 14.Nd5 e6 15.Nb4 a5
16.Nd3 e5 17.Bd2 Ba6 18.b3 b5 19.cxb5 Bxb5 20.Qf3 Qf6 21.Qxf6 Bxf6 22.Nb2 Bxf1
23.Bxf1 Nb6 24.Bd3 Be7 25.Kf1 Rfc8 26.Ke2 Kg7 27.h4 Bb4 28.Nc4 Nxc4 29.Bxc4 Bxd2
30.Kxd2 a4 31.Bd5 Rab8 32.Rb1 Rc3  0-1

[Event "Weihnachts op-M 21th"]
[Site "Zuerich"]
[Date "1997.??.??"]
[Round "?"]
[White "Trauth, Michael"]
[Black "Pelletier, Yannick"]
[Result "1/2-1/2"]
[WhiteElo "2240"]
[BlackElo "2465"]

1.Nf3 Nf6 2.c4 c5 3.g3 b6 4.Bg2 Bb7 5.O-O g6 6.Nc3 Bg7 7.d3 d5 8.cxd5 Nxd5
9.Bd2 O-O 10.Nxd5 Bxd5 11.Bc3 f6 12.e4 Bb7 13.Qb3+ Kh8 14.d4 Bxe4 15.dxc5 bxc5
16.Rad1 Qb6 17.Rfe1 Qxb3 18.axb3 Bc6 19.Rxe7 a5 20.Ng5 Bxg2 21.Kxg2 Nc6 22.Rc7 Rfc8
23.Rdd7 Rxc7 24.Rxc7 Nd4 25.Ne4 Nb5 26.Rxc5 Nxc3 27.bxc3 f5 28.Ng5 Bf6 29.h4 Rb8
30.Ne6 Kg8 31.Nd4 Bxd4 32.cxd4 Rxb3 33.Rxa5 Rd3 34.Ra4 h5 35.Kf1 f4 36.Ke2 Rb3
37.gxf4 Rh3 38.d5 Rxh4 39.d6 Kf7 40.Rd4 Ke8 41.d7+ Kd8 42.Ke3 Rh1 43.Rd6 Re1+
44.Kf3 Rg1 45.Rd5 Re1 46.Rd2 Rg1 47.f5 gxf5 48.Kf4 Rg7 49.Kxf5 Rxd7 50.Rxd7+ Kxd7
51.Kg5 Ke6 52.f3 h4  1/2-1/2

[Event "Weihnachts op-M 21th"]
[Site "Zuerich"]
[Date "1997.??.??"]
[Round "?"]
[White "Maeser, Fabian"]
[Black "Kuemin, Simon"]
[Result "1/2-1/2"]
[WhiteElo "2315"]
[BlackElo "2155"]

1.Nf3 Nf6 2.c4 c5 3.g3 b6 4.Bg2 Bb7 5.O-O g6 6.Nc3 Bg7 7.d3 O-O 8.e4 Nc6
9.h3 Ne8 10.Be3 Nc7 11.d4 cxd4 12.Nxd4 Nxd4 13.Bxd4 Bxd4 14.Qxd4 Ne6 15.Qe3 d6
16.Rfd1 Re8 17.Rac1 Qc8 18.b3 Qc5 19.Qd2 Qe5 20.Nd5 Rac8 21.Qc3 Qxc3 22.Rxc3 Bxd5
23.Rxd5 Nc7 24.Rd2 b5 25.cxb5 Nxb5 26.Rcc2 Na3 27.Rxc8 Rxc8 28.e5 Rc1+ 29.Kh2 dxe5
30.Rd7 a5 31.Rd5 Rc2 32.Rxa5 Rxa2 33.b4 Rxf2 34.Rxa3 Rb2 35.Re3 Rxb4 36.Rxe5 e6
37.Re3 Ra4 38.g4 h6 39.Kg3 Kg7 40.Bf3 Rc4 41.Be2 Ra4 42.h4 g5 43.Rb3 Kf6
44.Bf3 Kg7 45.Rb5 Kf6 46.Rc5 Ra3 47.h5 Ra7 48.Rc8 Ra3 49.Rh8 Kg7 50.Rd8 Rb3
51.Kf2 Rb4 52.Be2 Ra4 53.Ke3 Rb4 54.Rc8 Rf4 55.Rc7 Kg8  1/2-1/2

[Event "Mar del Plata op"]
[Site "Mar del Plata"]
[Date "1998.04.07"]
[Round "4"]
[White "Szmetan, Jorge"]
[Black "Dorin, Mauricio"]
[Result "1-0"]
[WhiteElo "2420"]
[BlackElo "2355"]

1.Nf3 c5 2.g3 b6 3.Bg2 Bb7 4.O-O Nf6 5.c4 g6 6.Nc3 Bg7 7.e3 O-O 8.d4 cxd4
9.exd4 d6 10.d5 Qc7 11.Re1 Re8 12.b3 a6 13.Bb2 Nbd7 14.Nd4 Nc5 15.Rc1 Rac8
16.f4 b5 17.cxb5 axb5 18.b4 Ncd7 19.Ncxb5 Qb6 20.Rxc8 Bxc8 21.a4 Ba6 22.h3 Qb7
23.Kh2 Nb6 24.Qb3 Ra8 25.Nc6 Bf8 26.Nxd6 exd6 27.b5 Nxa4 28.Qxa4 Qxb5 29.Qxb5  1-0

[Event "ARG-ch"]
[Site "Buenos Aires"]
[Date "1998.04.23"]
[Round "8"]
[White "Ricardi, Pablo"]
[Black "Sorokin, Maxim"]
[Result "1/2-1/2"]
[WhiteElo "2555"]
[BlackElo "2555"]

1.Nf3 c5 2.c4 Nf6 3.g3 b6 4.Bg2 Bb7 5.O-O g6 6.b3 Bg7 7.Bb2 O-O 8.Nc3 Na6
9.e3 e6 10.d4 Qe7 11.Qe2 Ne4 12.Nxe4 Bxe4 13.Rfd1 d6 14.dxc5  1/2-1/2